000
00245nam a22001217a 4500
003
SGT
082
_a
370
_b
MOR
100
_a
MORTON, ANDREW
245
_a
DIANA HER TRUE STORY
260
_a
INDIA
_b
RUPA
_c
1992
300
_a
165
942
_2
ddc
_c
BK
999
_c
22048
_d
22048